00543nam a2200133Ia 4500008004100000041000800041082002800049100003800077245006500115260003500180300000900215999001900224952016600243230411s9999 xx 000 0 und d aeng aAD/362.11068/BAR/B02562 aBarnett Denise & Kemp Nan9177479 aA to Z of Applied Quality for Clinical Managers in Hospitals bChapman and HallaLondonc1994 a159p c153742d153742 001040708ADaBTINbBTINd2005-08-03eBritish Libraryg30.00i181l0oAD 362.11068 BAR B02562pBTIN-BK-2562r2023-04-11 00:00:00v30.00w2005-08-03yBKzB02562